TOP 10 Departures From Eredivisie - Statistics

General Stats
  • This quiz has been taken 64 times
  • The average score is 6 of 10
Answer Stats
Value Player % Correct
86M Frenkie De Jong
90%
95M Antony
88%
85M Matthijs De Ligt
87%
40M Hakim Ziyech
60%
57M Lisandro Martinez
55%
43M Mohammed Kudus
55%
42M Cody Gakpo
50%
50M Hirving Lozano
40%
42M Davinson Sanchez
32%
40M Jurrien Timber
32%
No matching quizzes found
Score Distribution
Percent of People with Each Score
Percentile by Number Answered
Your Score History
You have not taken this quiz